<?xml version="1.0" encoding="UTF-8"?>
<record
    xmlns:xsi="http://www.w3.org/2001/XMLSchema-instance"
    xsi:schemaLocation="http://www.loc.gov/MARC21/slim http://www.loc.gov/standards/marcxml/schema/MARC21slim.xsd"
    xmlns="http://www.loc.gov/MARC21/slim">

  <leader>02127cam a2200337 a 4500</leader>
  <controlfield tag="003">EG-GiCUC</controlfield>
  <controlfield tag="005">20250223032719.0</controlfield>
  <controlfield tag="008">210325s2020    ua dho f m    000 0 eng d</controlfield>
  <datafield tag="040" ind1=" " ind2=" ">
    <subfield code="a">EG-GiCUC</subfield>
    <subfield code="b">eng</subfield>
    <subfield code="c">EG-GiCUC</subfield>
  </datafield>
  <datafield tag="041" ind1="0" ind2=" ">
    <subfield code="a">eng</subfield>
  </datafield>
  <datafield tag="049" ind1=" " ind2=" ">
    <subfield code="a">Deposite </subfield>
  </datafield>
  <datafield tag="097" ind1=" " ind2=" ">
    <subfield code="a">M.Sc </subfield>
  </datafield>
  <datafield tag="099" ind1=" " ind2=" ">
    <subfield code="a">Cai01.13.13.M.Sc.2020.Al.I</subfield>
  </datafield>
  <datafield tag="100" ind1="0" ind2=" ">
    <subfield code="a">Alshaimaa Ahmed Mohammed Ali </subfield>
  </datafield>
  <datafield tag="245" ind1="1" ind2="0">
    <subfield code="a">Investigation of copper matrix by powder metallurgy technology for the manufacture of brake pads / </subfield>
    <subfield code="c">Alshaimaa Ahmed Mohammed Ali ; Supervised Abdelhalim Mohamed Abdelhalim , Omayma Abdelgawad Elkady</subfield>
  </datafield>
  <datafield tag="246" ind1="1" ind2="5">
    <subfield code="a">&#x62F;&#x631;&#x627;&#x633;&#x629; &#x627;&#x644;&#x645;&#x648;&#x627;&#x62F; &#x627;&#x644;&#x645;&#x631;&#x643;&#x628;&#x629; &#x645;&#x646; &#x627;&#x644;&#x646;&#x62D;&#x627;&#x633; &#x644;&#x62A;&#x635;&#x646;&#x64A;&#x639; &#x644;&#x642;&#x645; &#x627;&#x644;&#x641;&#x631;&#x627;&#x645;&#x644; </subfield>
  </datafield>
  <datafield tag="260" ind1=" " ind2=" ">
    <subfield code="a">Cairo : </subfield>
    <subfield code="b">Alshaimaa Ahmed Mohammed Ali , </subfield>
    <subfield code="c">2020</subfield>
  </datafield>
  <datafield tag="300" ind1=" " ind2=" ">
    <subfield code="a">110 P . : </subfield>
    <subfield code="b">charts , facsmilies , photographs ; </subfield>
    <subfield code="c">30cm</subfield>
  </datafield>
  <datafield tag="502" ind1=" " ind2=" ">
    <subfield code="a">Thesis (M.Sc.) - Cairo University - Faculty of Engineering - Department of Mechanical Design and Production</subfield>
  </datafield>
  <datafield tag="520" ind1=" " ind2=" ">
    <subfield code="a">This investigation pays attention to Cu-composite, which is formed from Cu matrix reinforced with graphite and iron. To demonstrate efficiency and increase the life time of copper matrix for brake pads, the graphite is to be added to Cu matrix with different amounts that are 0, 2, 6, and 12 wt. %. Microstructure by SEM, morphology XRD analysis, relative density, hardness, wear resistance and CTE of the sintered composites were investigated. The results show that the best relative density is 6wt. %Gr (97.31%) with hardness 105.3HV. The compressive strength increases with increasing graphite to 6%, and it decreases with increasing graphite by 12% in Cu matrix. The wear weight loss of S3,S4 and S5 specimens decreases with increasing graphite in Cu matrix. CTE decreases by increasing graphite to 6wt.%</subfield>
  </datafield>
  <datafield tag="530" ind1=" " ind2=" ">
    <subfield code="a">Issued also as CD</subfield>
  </datafield>
  <datafield tag="653" ind1=" " ind2="4">
    <subfield code="a">Brake Pads</subfield>
  </datafield>
  <datafield tag="653" ind1=" " ind2="4">
    <subfield code="a">Cu-Matrix</subfield>
  </datafield>
  <datafield tag="653" ind1=" " ind2="4">
    <subfield code="a">Graphite</subfield>
  </datafield>
  <datafield tag="700" ind1="0" ind2=" ">
    <subfield code="a">Abdelhalim Mohamed Abdelhalim , </subfield>
    <subfield code="e">Supervisor</subfield>
  </datafield>
  <datafield tag="700" ind1="0" ind2=" ">
    <subfield code="a">Omayma Abdel Gawad Elkady , </subfield>
    <subfield code="e">Supervisor</subfield>
  </datafield>
  <datafield tag="856" ind1=" " ind2=" ">
    <subfield code="u">http://172.23.153.220/th.pdf</subfield>
  </datafield>
  <datafield tag="905" ind1=" " ind2=" ">
    <subfield code="a">Amira</subfield>
    <subfield code="e">Cataloger</subfield>
  </datafield>
  <datafield tag="905" ind1=" " ind2=" ">
    <subfield code="a">Nazla</subfield>
    <subfield code="e">Revisor</subfield>
  </datafield>
  <datafield tag="942" ind1=" " ind2=" ">
    <subfield code="2">ddc</subfield>
    <subfield code="c">TH</subfield>
  </datafield>
  <datafield tag="999" ind1=" " ind2=" ">
    <subfield code="c">80359</subfield>
    <subfield code="d">80359</subfield>
  </datafield>
  <datafield tag="952" ind1=" " ind2=" ">
    <subfield code="2">ddc</subfield>
    <subfield code="7">0</subfield>
    <subfield code="a">CUCL</subfield>
    <subfield code="b">cl210</subfield>
    <subfield code="d">2024-02-11</subfield>
    <subfield code="o">Cai01.13.13.M.Sc.2020.Al.I</subfield>
    <subfield code="p">01010110083100000</subfield>
    <subfield code="r">2023-09-22 00:00:00</subfield>
    <subfield code="y">TH</subfield>
  </datafield>
  <datafield tag="952" ind1=" " ind2=" ">
    <subfield code="2">ddc</subfield>
    <subfield code="7">0</subfield>
    <subfield code="a">CUCL</subfield>
    <subfield code="b">cl2u8</subfield>
    <subfield code="d">2024-02-11</subfield>
    <subfield code="o">Cai01.13.13.M.Sc.2020.Al.I</subfield>
    <subfield code="p">01020110083100000</subfield>
    <subfield code="r">2023-09-22 00:00:00</subfield>
    <subfield code="t">83100.CD     </subfield>
    <subfield code="y">CD</subfield>
  </datafield>
</record>
